[Event "Curitiba IEP&Copel op"]
[Site "Curitiba"]
[Date "2017.05.14"]
[Round "6"]
[White "Santin, Thiago Cirino Sobri"]
[Black "Fier, Luciano dos Santos"]
[Result "0-1"]
[WhiteElo "1668"]
[BlackElo "1932"]
[PlyCount "80"]
[EventDate "2017.05.12"]
[EventType "swiss"]
[EventRounds "6"]
[EventCountry "BRA"]
[SourceTitle "CBM 178 Extra"]
[Source "ChessBase"]
[SourceDate "2017.06.22"]
[SourceVersion "1"]
[SourceVersionDate "2017.06.22"]
[SourceQuality "1"]

1. c4 f5 2. d4 Nf6 3. Nc3 g6 4. g3 Bg7 5. Bg2 d6 6. Nf3 0-0 7. 0-0 Qe8 8. d5 a5 9. Nb5 Na6 10. Rb1 Bd7 11. Nfd4 c6 12. Nc3 Nc5 13. b3 Rd8 14. Ba3 Nfe4 15. Bb2 cxd5 16. Nxd5 e5 17. Nb5 Bxb5 18. Nc7 Qf7 19. Nxb5 d5 20. Qc2 dxc4 21. bxc4 Rd2 22. Qc1 Rfd8 23. f3 Ng5 24. Bc3 Rxe2 25. Qxg5 Bf6 26. Qc1 Qxc4 27. Bxe5 Rxg2+ 28. Kxg2 Qe2+ 29. Rf2 Qxe5 30. Qc4+ Kg7 31. Re2 Qd5 32. Qxd5 Rxd5 33. Nc7 Re5 34. Rxe5 Bxe5 35. Nd5 Kf7 36. Rb5 Bd4 37. Rxa5 Ke6 38. Nf4+ Kd6 39. Ra8 Kc6 40. Rh8 Bxh8 0-1

[Event "Curitiba IEP&Copel op"]
[Site "Curitiba"]
[Date "2017.05.13"]
[Round "3"]
[White "Deus Filho, Joaquim"]
[Black "Santin, Thiago Cirino Sobri"]
[Result "1/2-1/2"]
[WhiteElo "1952"]
[BlackElo "1668"]
[PlyCount "111"]
[EventDate "2017.05.12"]
[EventType "swiss"]
[EventRounds "6"]
[EventCountry "BRA"]
[SourceTitle "CBM 178 Extra"]
[Source "ChessBase"]
[SourceDate "2017.06.22"]
[SourceVersion "1"]
[SourceVersionDate "2017.06.22"]
[SourceQuality "1"]

1. e4 c6 2. d4 d5 3. Nc3 dxe4 4. Nxe4 Nf6 5. Ng3 c5 6. Bb5+ Nc6 7. Bxc6+ bxc6 8. Qf3 Qa5+ 9. Bd2 Qb6 10. dxc5 Qxc5 11. Be3 Qxc2 12. Rc1 Qa4 13. b3 Qa5+ 14. Bd2 Qd5 15. Rxc6 Qe5+ 16. N1e2 Bb7 17. Qc3 Qxc3 18. Rxc3 Bxg2 19. Rg1 Bd5 20. Nf4 e6 21. Nxd5 Nxd5 22. Rc6 Bb4 23. Ne4 0-0 24. Rc4 Bxd2+ 25. Kxd2 Rfd8 26. Ke2 f5 27. Nc5 e5 28. Ne6 Rd7 29. Rc5 Re8 30. Rxd5 Rxd5 31. Nc7 Red8 32. Nxd5 Rxd5 33. Rc1 a5 34. Rc7 h5 35. a4 e4 36. Rb7 Rc5 37. Rb5 Rc2+ 38. Ke3 Rc3+ 39. Kd2 Rf3 40. Ke2 g6 41. Rxa5 Rxb3 42. Ra7 f4 43. h4 Rb2+ 44. Ke1 f3 45. Re7 Re2+ 46. Kf1 Ra2 47. Rxe4 Ra1+ 48. Re1 Rxa4 49. Kg1 Rxh4 50. Re7 Rg4+ 51. Kh1 h4 52. Rd7 h3 53. Rd3 Rf4 54. Kh2 Kg7 55. Kxh3 Kh6 56. Kg3 1/2-1/2

[Event "Caioba Telecom op"]
[Site "Caioba"]
[Date "2016.08.26"]
[Round "2"]
[White "Santin, Thiago Cirino Sobri"]
[Black "Arantes, Francisco Antonio"]
[Result "1-0"]
[WhiteElo "1641"]
[BlackElo "1756"]
[PlyCount "63"]
[EventDate "2016.08.26"]
[EventType "swiss"]
[EventRounds "6"]
[EventCountry "BRA"]
[SourceTitle "CBM 174 Extra"]
[Source "ChessBase"]
[SourceDate "2016.10.10"]
[SourceVersion "1"]
[SourceVersionDate "2016.10.10"]
[SourceQuality "1"]

1. c4 c5 2. Nc3 e6 3. e4 Nc6 4. Nf3 Be7 5. d4 cxd4 6. Nxd4 Nf6 7. Nxc6 dxc6 8. Be3 Bb4 9. Qc2 Bxc3+ 10. bxc3 Qa5 11. Bd3 0-0 12. 0-0 Qd8 13. Rfd1 e5 14. Rab1 b6 15. c5 b5 16. Bxb5 Qc7 17. Bc4 a5 18. a4 Ba6 19. Bxa6 Rxa6 20. Bg5 Nd7 21. Be7 Re8 22. Bd6 Qa7 23. Qe2 Rc8 24. Qc4 Re8 25. Rb2 Qa8 26. Rdb1 Qc8 27. Rb7 Rd8 28. Rc7 Qa8 29. Rbb7 Rb8 30. Rxb8+ Qxb8 31. Rxd7 Qb1+ 32. Qf1 1-0

[Event "BRA-ch U18"]
[Site "Itajai"]
[Date "2016.06.10"]
[Round "3"]
[White "Santin, Thiago Cirino Sobri"]
[Black "Caetano, Ryan Wesley da Cost"]
[Result "0-1"]
[WhiteElo "1645"]
[BlackElo "1784"]
[PlyCount "106"]
[EventDate "2016.06.09"]
[EventType "swiss"]
[EventRounds "6"]
[EventCountry "BRA"]
[SourceTitle "CBM 172 Extra"]
[Source "ChessBase"]
[SourceDate "2016.06.21"]
[SourceVersion "1"]
[SourceVersionDate "2016.06.21"]
[SourceQuality "1"]

1. c4 c5 2. Nc3 Nc6 3. g3 g6 4. Bg2 Bg7 5. Nf3 Nf6 6. 0-0 0-0 7. d3 e6 8. a3 d5 9. e3 b6 10. Rb1 Qe7 11. cxd5 exd5 12. Re1 Bb7 13. d4 c4 14. Bd2 Na5 15. Na2 Nc6 16. Nb4 a5 17. Nxc6 Bxc6 18. Qc2 Bd7 19. Rbc1 Bf5 20. Qd1 b5 21. b4 Rfc8 22. Bc3 Ne4 23. Nh4 Be6 24. Bxe4 dxe4 25. Rb1 g5 26. Ng2 axb4 27. Bxb4 Qf6 28. Bc5 Rab8 29. a4 bxa4 30. Qxa4 Ra8 31. Qc2 Qf5 32. Rec1 c3 33. Qxc3 Ra2 34. Rc2 Rxc2 35. Qxc2 Bf8 36. Rc1 h5 37. Qc3 h4 38. Qa3 Bg7 39. Bd6 Rxc1+ 40. Qxc1 h3 41. Ne1 Qd5 42. Bc5 f5 43. Qb2 Qc4 44. Qc2 Qb5 45. f3 Qa5 46. Kf2 Bd5 47. f4 gxf4 48. gxf4 Bf6 49. Ke2 Bh4 50. Qd2 Bc4+ 51. Kd1 Qa1+ 52. Qc1 Qxc1+ 53. Kxc1 Bxe1 0-1

[Event "Curitiba op"]
[Site "Curitiba"]
[Date "2016.04.24"]
[Round "7.27"]
[White "Santin, Thiago Cirino Sobri"]
[Black "Almeida Silva, Emiliano Piskator"]
[Result "1/2-1/2"]
[WhiteElo "1569"]
[BlackElo "1789"]
[PlyCount "62"]
[EventDate "2016.04.21"]
[EventType "swiss"]
[EventRounds "7"]
[EventCountry "BRA"]
[SourceTitle "EXT 2022"]
[Source "ChessBase"]
[SourceDate "2021.10.06"]
[SourceVersion "1"]
[SourceVersionDate "2021.10.06"]
[SourceQuality "1"]

1. c4 Nf6 2. Nc3 g6 3. d4 Bg7 4. e4 d6 5. Nf3 0-0 6. Be2 e5 7. dxe5 dxe5 8. Qxd8 Rxd8 9. Bg5 Re8 10. Nd5 Nxd5 11. cxd5 c6 12. 0-0-0 cxd5 13. Bb5 Nc6 14. exd5 a6 15. Bxc6 bxc6 16. dxc6 Be6 17. Kb1 Rec8 18. Rc1 Bd5 19. c7 Ra7 20. Bd8 Rb7 21. Rc5 e4 22. Ne5 Bxe5 23. Rxd5 Bxb2 24. Kc2 Bg7 25. Rb1 Rbxc7+ 26. Bxc7 Rxc7+ 27. Kd2 Bh6+ 28. Kd1 Kg7 29. Rd6 a5 30. Rd5 Rc4 31. g4 Bf4 1/2-1/2

[Event "Curitiba op"]
[Site "Curitiba"]
[Date "2016.04.21"]
[Round "1"]
[White "Cadilhac, Igor Tokuichi Kikuc"]
[Black "Santin, Thiago Cirino Sobri"]
[Result "1-0"]
[WhiteElo "2089"]
[BlackElo "1569"]
[PlyCount "39"]
[EventDate "2016.04.21"]
[EventType "swiss"]
[EventRounds "7"]
[EventCountry "BRA"]
[SourceTitle "CBM 172 Extra"]
[Source "ChessBase"]
[SourceDate "2016.06.21"]
[SourceVersion "1"]
[SourceVersionDate "2016.06.21"]
[SourceQuality "1"]

1. e4 c6 2. Nc3 d5 3. d4 dxe4 4. Nxe4 Nf6 5. Nxf6+ gxf6 6. Ne2 Bf5 7. Ng3 Bg6 8. h4 h6 9. h5 Bh7 10. Bc4 Nd7 11. 0-0 Qc7 12. Qe2 e6 13. Re1 0-0-0 14. a4 Kb8 15. a5 Bg7 16. c3 f5 17. Qf3 Ka8 18. a6 b6 19. Bf4 Qc8 20. Bb5 1-0

[Event "Matinhos Caioba-ch"]
[Site "Matinhos"]
[Date "2015.08.29"]
[Round "4"]
[White "Santin, Thiago Cirino Sobri"]
[Black "Casarin, Luis Marcio Pinhatt"]
[Result "1-0"]
[WhiteElo "1543"]
[BlackElo "1838"]
[PlyCount "81"]
[EventDate "2015.08.28"]
[EventType "swiss"]
[EventRounds "6"]
[EventCountry "BRA"]
[SourceTitle "EXT 2016"]
[Source "ChessBase"]
[SourceDate "2015.10.08"]
[SourceVersion "1"]
[SourceVersionDate "2015.10.08"]
[SourceQuality "1"]

1. c4 Nf6 2. Nc3 e6 3. d4 c5 4. Nf3 d5 5. dxc5 Bxc5 6. cxd5 Nxd5 7. Nxd5 exd5 8. e3 0-0 9. Bd3 Nd7 10. 0-0 b6 11. b3 Bb7 12. Bb2 Rc8 13. Rc1 Qe7 14. Re1 Nf6 15. Nd4 g6 16. Qf3 Ne4 17. Bxe4 dxe4 18. Qg4 f5 19. Qe2 Rfd8 20. Red1 a5 21. Rc2 Rd7 22. Rdc1 Rcd8 23. g3 Qf7 24. Qb5 g5 25. a3 f4 26. b4 axb4 27. axb4 Be7 28. Rc7 fxe3 29. fxe3 Bf6 30. Rxd7 Qxd7 31. Qxb6 Be5 32. Rc5 Re8 33. Qh6 Qg4 34. Kg2 Bc8 35. b5 Kh8 36. b6 Qd1 37. Rxe5 Qd2+ 38. Kf1 Ba6+ 39. Rb5 Qd1+ 40. Kf2 Rg8 41. Ne6+ 1-0

[Event "Sao Bento do Sul op 4th"]
[Site "Sao Bento do Sul"]
[Date "2015.06.07"]
[Round "6"]
[White "Santin, Thiago Cirino Sobri"]
[Black "Souza, Bruna Garcia De"]
[Result "1-0"]
[WhiteElo "1507"]
[BlackElo "1594"]
[PlyCount "55"]
[EventDate "2015.06.05"]
[EventType "swiss"]
[EventRounds "6"]
[EventCountry "BRA"]
[SourceTitle "EXT 2017"]
[Source "ChessBase"]
[SourceDate "2016.10.25"]
[SourceVersion "1"]
[SourceVersionDate "2016.10.25"]
[SourceQuality "1"]

1. c4 g6 2. d4 Bg7 3. Nc3 d6 4. Nf3 b6 5. e4 Bb7 6. Bf4 Nd7 7. Qd2 Ngf6 8. d5 Nc5 9. e5 Nfe4 10. Nxe4 Nxe4 11. Qc2 Nc5 12. b4 Nd7 13. Qa4 0-0 14. Rc1 dxe5 15. Bg3 e4 16. Nd2 f5 17. Qb3 Rc8 18. c5 c6 19. dxc6+ Kh8 20. cxb7 Rc6 21. Bb5 f4 22. Bxf4 Rcf6 23. Bg3 Bh6 24. Rc2 bxc5 25. Bxd7 Bf4 26. Bc8 Bxg3 27. Qxg3 Rxf2 28. b8Q 1-0

[Event "Sao Bento do Sul op 4th"]
[Site "Sao Bento do Sul"]
[Date "2015.06.06"]
[Round "4"]
[White "Ribeiro, Allysson"]
[Black "Santin, Thiago Cirino Sobri"]
[Result "1-0"]
[WhiteElo "1862"]
[BlackElo "1507"]
[PlyCount "63"]
[EventDate "2015.06.05"]
[EventType "swiss"]
[EventRounds "6"]
[EventCountry "BRA"]
[SourceTitle "EXT 2017"]
[Source "ChessBase"]
[SourceDate "2016.10.25"]
[SourceVersion "1"]
[SourceVersionDate "2016.10.25"]
[SourceQuality "1"]

1. d4 c6 2. c4 d5 3. Nc3 Nf6 4. cxd5 cxd5 5. Bf4 a6 6. Nf3 Nc6 7. h3 e6 8. e3 Bd6 9. Ne5 Bxe5 10. dxe5 Nd7 11. Be2 Ndxe5 12. 0-0 0-0 13. Bg3 Bd7 14. f4 Ng6 15. Bg4 Qb6 16. Qd2 Rad8 17. Rad1 Nge7 18. Be2 Na7 19. Bf2 Qc7 20. e4 Nb5 21. exd5 exd5 22. Nxb5 Bxb5 23. Bxb5 axb5 24. Qb4 Qc4 25. Qxe7 Rfe8 26. Qxb7 Qxa2 27. Qxb5 Rb8 28. Qxd5 Qxb2 29. Rfe1 g6 30. Qd7 Rxe1+ 31. Rxe1 Qc2 32. Bd4 1-0